| 000 | 00553nam a2200157Ia 4500 | ||
|---|---|---|---|
| 008 | 150610s9999 xx 000 0 und d | ||
| 020 | _a9781420501209 (hardcover) | ||
| 050 |
_aHM742 _b.M66 2009 |
||
| 100 | _aMooney, Carla, 1970- | ||
| 245 |
_aOnline social networking / _cby Carla Mooney. |
||
| 260 |
_aDetroit : _b Lucent Books, _c2009. |
||
| 300 |
_a120pages : _bcol. illustrations ; _c24 cm. |
||
| 504 | _a Includes bibliographical references and index. | ||
| 520 | _aJuvenile literature. | ||
| 650 |
_aInternet and teenagers _xJuvenile literature. |
||
| 999 |
_c288239 _d288239 |
||